Общий курс физики: учебное пособие; в 5 т.
| Yazar: | |
|---|---|
| Dil: | Rusça |
| Baskı/Yayın Bilgisi: |
Москва, Физматлит, 2006-
|
| Edisyon: | 5-е изд., стер. |
| Materyal Türü: | MixedMaterials Kitap |
| KOHA link: | https://koha.lib.tpu.ru/cgi-bin/koha/opac-detail.pl?biblionumber=120962 |
MARC
| LEADER | 00000nam1a2200000 4500 | ||
|---|---|---|---|
| 001 | 120962 | ||
| 005 | 20231031125224.0 | ||
| 035 | |a (RuTPU)RU\TPU\book\130981 | ||
| 090 | |a 120962 | ||
| 100 | |a 20070907d2006 m y0rusy50 ca | ||
| 101 | 0 | |a rus | |
| 102 | |a RU | ||
| 200 | 1 | |a Общий курс физики |e учебное пособие |e в 5 т. |f Д. В. Сивухин | |
| 205 | |a 5-е изд., стер. | ||
| 210 | |a Москва |c Физматлит |d 2006- | ||
| 700 | 1 | |a Сивухин |b Д. В. |g Дмитрий Васильевич | |
| 801 | 1 | |a RU |b 63413507 |c 20040602 |g PSBO | |
| 801 | 2 | |a RU |b 63413507 |c 20070907 |g PSBO | |
| 942 | |c BK | ||